书目信息 |
| 题名: |
罗马的恐怖汉尼拔
|
|
| 作者: | 汉斯·克里斯蒂安·胡夫 | |
| 分册: | ||
| 出版信息: | 北京 中国社会出版社 2000 |
|
| 页数: | 145 | |
| 开本: | 20cm | |
| 丛书名: | ||
| 单 册: | ||
| 中图分类: | K542 | |
| 科图分类: | ||
| 主题词: | 南欧--历史 | |
| 电子资源: | ||
| ISBN: | 7-80146-297-1 | |
| 000 | 00570nam0 2200181 450 | |
| 001 | 0757995392 | |
| 005 | 20071007160635.39 | |
| 010 | @a7-80146-297-1@d19.80 | |
| 100 | @a20071007d km y0chiy0120 ea | |
| 101 | 0 | @achi |
| 200 | 1 | @a罗马的恐怖汉尼拔@Aluo ma de kong bu han ni ba@f汉斯·克里斯蒂安·胡夫@Fhan si·ke li si di an·hu fu |
| 210 | @a北京@c中国社会出版社@d2000 | |
| 215 | @a145@c图@d20cm | |
| 606 | 0 | @a南欧@x历史 |
| 690 | @aK542@v3 | |
| 701 | 0 | @a汉斯·克里斯蒂安·胡夫@Ahan si·ke li si di an·hu fu |
| 801 | 0 | @aCN@bPFT@c20071007 |
| 905 | @a213230@dK542@ea1@f1 | |
| 罗马的恐怖汉尼拔/汉斯·克里斯蒂安·胡夫.-北京:中国社会出版社,2000 |
| 145:图;20cm |
| ISBN 7-80146-297-1:19.80 |
| ● |
| 相关链接 |
|
|
|
|
正题名:罗马的恐怖汉尼拔
索取号:K542/a1
 
预约/预借
| 序号 | 登录号 | 条形码 | 馆藏地/架位号 | 状态 | 备注 |
| 1 | 7508911 | 275089119 | 史法系资料室/ [索取号:K542/a1] | 在馆 |